Tropical Flowers by Images - Statistics

General Stats
  • This quiz has been taken 14 times
  • The average score is 4 of 16
Answer Stats
Picture Answer % Correct
Hibiscus
100%
Orchid
73%
Bird of Paradise
55%
Passionflower
36%
Jasmine
27%
Anthurium
18%
Bougainvillea
18%
Plumeria
18%
Protea
18%
Bromeliad
9%
Gardenia
9%
Angel's Trumpets
0%
Canna
0%
Cape Plumbago
0%
Clivia miniata
0%
Penta
0%
No matching quizzes found
Score Distribution
Percent of People with Each Score
Percentile by Number Answered
Your Score History
You have not taken this quiz